| 000 | 00655nam a22002057a 4500 | ||
|---|---|---|---|
| 003 | 0 | ||
| 005 | 20250829121424.0 | ||
| 008 | 250829b xxu||||| |||| 00| 0 eng d | ||
| 020 | _a978-0-357-66095-9 | ||
| 050 |
_aN 5300 _b.K54 2023 |
||
| 100 |
_aKleiner, Fred S., _eauthor. |
||
| 245 |
_aGardner's art through the ages : _ba concise global history / _cFred S. Kleiner. |
||
| 250 | _aFifth edition. | ||
| 260 |
_aBoston, MA : _bCengage, _c2023. |
||
| 300 |
_axix, 618 pages : _bcolored illustrations ; _c30 cm. |
||
| 504 | _aIncludes bibliographical references and index. | ||
| 650 |
_aArt _xHistory. |
||
| 650 |
_aWorld art _xHistory. |
||
| 942 |
_2lcc _cBK |
||
| 999 |
_c367684 _d367684 |
||